书目信息 |
| 题名: |
名犬图鉴
|
|
| 作者: | ;崔柳 译 ;日本芝风公司 编著 | |
| 分册: | ||
| 出版信息: | 石家庄 河北科学技术出版社 2014 |
|
| 页数: | 223页 | |
| 开本: | 24cm | |
| 丛书名: | ||
| 单 册: | ||
| 中图分类: | S829.2-64 | |
| 科图分类: | ||
| 主题词: | 犬--驯养--图集 , 犬--鉴赏--图集 | |
| 电子资源: | ||
| ISBN: | 978-7-5375-6449-6 | |
| 000 | 01148nam0 2200277 450 | |
| 001 | 337957 | |
| 005 | 20150529085406.68 | |
| 010 | @a978-7-5375-6449-6@b软精装@dCNY59.80 | |
| 100 | @a20140304d2014 em y0chiy50 ea | |
| 101 | 1 | @achi@cjpn |
| 102 | @aCN@b130000 | |
| 105 | @aa z 000yy | |
| 106 | @ar | |
| 200 | 1 | @a名犬图鉴@Aming quan tu jian@e331种世界名犬驯养与鉴赏图典@f日本芝风有限公司编著@g崔柳译 |
| 210 | @a石家庄@c河北科学技术出版社@d2014 | |
| 215 | @a223页@d24cm | |
| 305 | @a日本株式会社笠仓出版社授权出版 | |
| 330 | @a本书共收录了331种世界名犬, 分别介绍了它们的外形大小、原产国、性格、价格、习性 (包括智力、体力等方面) 、易患疾病、饲养难易度以及历史、特征等信息, 并登载了每种犬型的照片。同时, 还详细介绍了犬类相关用语解释、犬种分类、犬类的被毛及其颜色以及犬类的身体部位特征等。 | |
| 517 | 1 | @a331种世界名犬驯养与鉴赏图典@A331 zhong shi jie ming quan xun yang yu jian shang tu dian |
| 606 | 0 | @a犬@x驯养@j图集 |
| 606 | 0 | @a犬@x鉴赏@j图集 |
| 690 | @aS829.2-64@v5 | |
| 702 | 0 | @a崔柳@Acui liu@4译 |
| 711 | 02 | @a日本芝风公司@Ari ben zhi feng gong si@4编著 |
| 801 | 0 | @aCN@b卓展宏图@c20150525 |
| 905 | @dS829.2-64@e107@f5 | |
| 名犬图鉴:331种世界名犬驯养与鉴赏图典/日本芝风有限公司编著/崔柳译.-石家庄:河北科学技术出版社,2014 |
| 223页;24cm |
| ISBN 978-7-5375-6449-6(软精装):CNY59.80 |
| 本书共收录了331种世界名犬, 分别介绍了它们的外形大小、原产国、性格、价格、习性 (包括智力、体力等方面) 、易患疾病、饲养难易度以及历史、特征等信息, 并登载了每种犬型的照片。同时, 还详细介绍了犬类相关用语解释、犬种分类、犬类的被毛及其颜色以及犬类的身体部位特征等。 |
| ● |
| 相关链接 |
|
|
|
|
正题名:名犬图鉴
索取号:S829.2-64/107
 
预约/预借
| 序号 | 登录号 | 条形码 | 馆藏地/架位号 | 状态 | 备注 |
| 1 | 856853 | 208568539 | 第二样本阅览室/ [索取号:S829.2-64/107] | 在馆 | |
| 2 | 856854 | 208568548 | 第三借阅区/ [索取号:S829.2-64/107] | 在馆 | |
| 3 | 856855 | 208568557 | 第三借阅区/ [索取号:S829.2-64/107] | 在馆 | |
| 4 | 856856 | 208568566 | 第三借阅区/ [索取号:S829.2-64/107] | 在馆 | |
| 5 | 856857 | 208568575 | 第三借阅区/ [索取号:S829.2-64/107] | 在馆 |